| 000 | 01906cam a2200385 a 4500 | ||
|---|---|---|---|
| 001 | 14814553 | ||
| 003 | NUST | ||
| 005 | 20220202111216.0 | ||
| 008 | 070419s2007 ctua b 001 0 eng | ||
| 010 | _a 2007016143 | ||
| 015 |
_aGBA740974 _2bnb |
||
| 016 | 7 |
_a013755783 _2Uk |
|
| 020 | _a9780313337604 (alk. paper) | ||
| 020 | _a0313337608 (alk. paper) | ||
| 035 | _a(OCoLC)ocn123391022 | ||
| 035 | _a(OCoLC)123391022 | ||
| 038 | _aRani Shaista Kanwal | ||
| 040 |
_aDLC _cDLC _dBAKER _dUKM _dBTCTA _dC#P _dYDXCP _dDLC |
||
| 050 | 0 | 0 |
_aRB155.8 _b.K45 2007 |
| 082 | 0 | 0 |
_a616.042 _222 |
| 100 | 1 |
_aKelly, Evelyn B. _988717 |
|
| 245 | 1 | 0 |
_aGene therapy / _cEvelyn B. Kelly. |
| 260 |
_aWestport, Conn. : _bGreenwood Press, _c2007. |
||
| 300 |
_ax, 198 p. : _bill. ; _c25 cm. |
||
| 440 | 0 |
_aHealth and medical issues today, _x1558-7592 _988718 |
|
| 504 | _aIncludes bibliographical references (p. [187]-192) and index. | ||
| 505 | _aGene therapy : a treatment for altered genes -- Medical and scientific issues in gene therapy -- Discoveries leading to gene therapy -- Successes and setbacks in the 1990s -- Single-gene recessive disorders -- Single-gene traits : dominant disorders -- X-linked disorders -- Multigene and traits influenced by environment -- Ethics issues and gene therapy -- Regulatory actions in the United States -- Gene therapy in other countries -- Social and religious issues -- The future of gene therapy. | ||
| 563 | _aHB | ||
| 650 | 0 |
_aGene therapy _vPopular works. _988719 |
|
| 650 | 0 |
_aGene therapy _xMoral and ethical aspects _vPopular works. _988720 |
|
| 856 | 4 | 1 |
_3Table of contents only _uhttp://www.loc.gov/catdir/toc/ecip0716/2007016143.html |
| 906 |
_a7 _bcbc _corignew _d1 _eecip _f20 _gy-gencatlg |
||
| 942 |
_2ddc _cBK |
||
| 999 |
_c587750 _d587750 |
||